000 00360nam a2200133Ia 4500
008 240624s9999 xx 000 0 und d
041 _aeng
082 _a364.1 SCH
100 _aSCHAFFER FREDERIC CHARLES
245 _aELECTIONS FOR SALE THE CAUSES AND CONSEQ
260 _c2008
_aNew Delhi
_bViva Books
300 _aix, : 227 : p. : cm. ; 23
365 _cRS
_b32
999 _c9142
_d9142